Football most games played season 2023/24 Leverkusen - Statistics

General Stats
  • This quiz has been taken 15 times
  • The average score is 12 of 15
Answer Stats
Hint Answer % Correct
LWB Alejandro Grimaldo
100%
CAM Florian Wirtz
100%
CDM Granit Xhaka
100%
RM Jeremie Frimpong
100%
CB Jonathan Tah
100%
CDM Robert Andrich
92%
CB Edmond Tapsoba
85%
GK Lukas Hradecky
77%
RW Nathan Tella
77%
CM Exequiel Palacios
69%
CAM Jonas Hofmann
69%
CB Piero Hincapie
69%
LW Amine Adli
62%
CB Josip Stanisic
38%
ST Adam Hlozek
31%
No matching quizzes found
Score Distribution
Percent of People with Each Score
Percentile by Number Answered
Your Score History
You have not taken this quiz